Guia de les instal·lacions i serveis a càrrec de la Junta de Ciències Naturals
Descripción Física:
137 p. . il. ; 25 cm
MARC
| LEADER | 00000nam a2200000Ia 4500 | ||
|---|---|---|---|
| 001 | 949 | ||
| 008 | 160829s1917 xx 000 0 cat d | ||
| 110 | 2 | |a Junta de Ciències Naturals de Barcelona |9 55756 | |
| 610 | 2 | 0 | |a Junta de Ciències Naturals de Barcelona |9 55756 |
| 710 | 1 | |a Barcelona (Catalunya). |b Ajuntament |9 50981 | |
| 710 | 1 | |a Barcelona (Catalunya : Província). |b Diputació |9 52408 | |
| 952 | |0 0 |1 0 |4 0 |6 C1576 |7 1 |9 47864 |a Arxiu |b Arxiu |d 2016-12-01 |l 0 |o C-1-576 |p 949 |r 2016-12-01 00:00:00 |w 2016-12-01 |y ARXIU | ||
| 999 | |c 51664 |d 51664 | ||
| 080 | |a C-1-576 | ||
| 245 | |a Guia de les instal·lacions i serveis a càrrec de la Junta de Ciències Naturals | ||
| 260 | |a Barcelona : |b (Taller d' Arts Gràfiques d' Henrich), |c 1917 | ||
| 300 | |a 137 p. . il. ; |c 25 cm | ||
| 650 | |a Ciències naturals |x Societats, etc. |x Barcelona |9 37439 | ||
| 901 | |a Arxiu | ||
| 942 | |n 1 |2 udc | ||